000
00343nam a2200157Ia 4500
100
_a
Pillai/Rajendra
650
_a
Philosophy
942
_c
BK
366
_f
25
245
_a
100 ways to build a better you
260
_b
Better Yourself Books
_a
Bandra
_c
1996
082
_a
170/PIL
_b
PIL
300
_a
125
546
_a
ENGLISH
999
_c
33144
_d
33144